[Event "LAT-ch"]
[Site "Riga"]
[Date "2023.05.05"]
[Round "9"]
[White "Kantans, Toms"]
[Black "Stabulnieks, Klavs"]
[Result "1-0"]
[WhiteElo "2480"]
[BlackElo "2228"]
[PlyCount "32"]
[EventDate "2023.04.29"]
[EventType "swiss"]
[EventRounds "9"]
[EventCountry "LAT"]
[SourceTitle "EXT 2024"]
[Source "ChessBase"]
[SourceDate "2023.10.10"]
[SourceVersion "1"]
[SourceVersionDate "2023.10.10"]
[SourceQuality "1"]

1. e4 c6 2. d4 d5 3. e5 Bf5 4. g4 Be4 5. f3 Bg6 6. e6 fxe6 7. h4 h5 8. Bd3 Bxd3 9. Qxd3 Qd6 10. Ne2 Nd7 11. Qg6+ Kd8 12. Bg5 Ngf6 13. Nd2 e5 14. 0-0-0 Ne4 15. gxh5 Qxg6 16. hxg6 Nef6 1-0

[Event "LAT-ch"]
[Site "Riga"]
[Date "2023.05.04"]
[Round "8"]
[White "Stabulnieks, Klavs"]
[Black "Sinauridze, Simons"]
[Result "1-0"]
[WhiteElo "2228"]
[BlackElo "2053"]
[PlyCount "73"]
[EventDate "2023.04.29"]
[EventType "swiss"]
[EventRounds "9"]
[EventCountry "LAT"]
[SourceTitle "EXT 2024"]
[Source "ChessBase"]
[SourceDate "2023.10.10"]
[SourceVersion "1"]
[SourceVersionDate "2023.10.10"]
[SourceQuality "1"]

1. d4 Nf6 2. c4 g6 3. Nc3 d5 4. Nf3 Bg7 5. Qb3 c6 6. cxd5 cxd5 7. Bg5 e6 8. e3 0-0 9. h3 Nbd7 10. Bd3 a6 11. 0-0 b6 12. Rfc1 Bb7 13. Ne5 b5 14. a4 h6 15. Nxd7 hxg5 16. Nxf8 Bxf8 17. axb5 Rb8 18. Qd1 a5 19. Na4 Bd6 20. Nc5 Bc8 21. Na6 Ra8 22. Rc2 e5 23. dxe5 Bxe5 24. Nb4 Bd6 25. Nc6 Qe8 26. Ra4 Kg7 27. Be2 Bf5 28. Rd2 g4 29. Bxg4 Bxg4 30. Rxg4 Nxg4 31. Qxg4 Bc5 32. Rxd5 Bb6 33. h4 Rc8 34. h5 Rc7 35. hxg6 fxg6 36. Rd8 Qf7 37. Qh4 1-0

[Event "Riga Tech op 11th"]
[Site "Riga"]
[Date "2022.08.19"]
[Round "7"]
[White "Stabulnieks, Klavs"]
[Black "Povshednyi, Ivan"]
[Result "1-0"]
[WhiteElo "2222"]
[BlackElo "2083"]
[PlyCount "97"]
[EventDate "2022.08.15"]
[EventType "swiss"]
[EventRounds "9"]
[EventCountry "LAT"]
[SourceTitle "CBM 209 Extra"]
[Source "ChessBase"]
[SourceDate "2022.09.30"]
[SourceVersion "1"]
[SourceVersionDate "2022.09.30"]
[SourceQuality "1"]

1. d4 Nf6 2. c4 e6 3. Nf3 d5 4. Nc3 dxc4 5. e4 b5 6. e5 Nd5 7. Nxb5 Nb6 8. Be2 Nc6 9. 0-0 Be7 10. Be3 0-0 11. Qc1 Ba6 12. Nc3 Rb8 13. Rd1 Nb4 14. Nd2 N4d5 15. Nxd5 exd5 16. b3 Bb4 17. a3 Bxd2 18. Rxd2 Qc8 19. b4 Na4 20. Bd1 Bb5 21. Bc2 Rb6 22. f4 f5 23. exf6 Rbxf6 24. f5 h6 25. Bf4 Ra6 26. Be5 Nc3 27. Rf2 Be8 28. f6 Qg4 29. Qe3 Ne4 30. Rf4 Qg6 31. fxg7 Rxf4 32. Qxf4 Bf7 33. a4 Rb6 34. b5 c6 35. bxc6 Rxc6 36. a5 Qg5 37. Qf3 Qe7 38. Rb1 Rc8 39. a6 Qg5 40. Rf1 Qg6 41. h4 h5 42. Qa3 Re8 43. Qa4 Rd8 44. Qb4 Qe6 45. Qb7 Qd7 46. Ba4 Qe6 47. Qxa7 Nd2 48. Rf6 Qxf6 49. Bxf6 1-0

[Event "Riga Tech op 11th"]
[Site "Riga"]
[Date "2022.08.18"]
[Round "6"]
[White "Westrum, Kim Roger Hansen"]
[Black "Stabulnieks, Klavs"]
[Result "1/2-1/2"]
[WhiteElo "2091"]
[BlackElo "2222"]
[PlyCount "82"]
[EventDate "2022.08.15"]
[EventType "swiss"]
[EventRounds "9"]
[EventCountry "LAT"]
[SourceTitle "CBM 209 Extra"]
[Source "ChessBase"]
[SourceDate "2022.09.30"]
[SourceVersion "1"]
[SourceVersionDate "2022.09.30"]
[SourceQuality "1"]

1. e4 c5 2. c4 Nc6 3. Nc3 g6 4. g3 Bg7 5. Bg2 e6 6. Nge2 Nge7 7. 0-0 0-0 8. d3 b6 9. Rb1 Bb7 10. a3 Nd4 11. b4 cxb4 12. axb4 Nxe2+ 13. Nxe2 d5 14. exd5 exd5 15. c5 Qd7 16. d4 Ba6 17. Re1 Nf5 18. Bb2 Rfe8 19. Nf4 Rxe1+ 20. Qxe1 Bc4 21. Bh3 Re8 22. Qd1 Re4 23. Bg2 Re7 24. Bh3 Bh6 25. Ng2 Re2 26. Bg4 Re4 27. Nh4 Qe6 28. c6 Qxc6 29. Bxf5 gxf5 30. Nxf5 Qe6 31. Nxh6+ Qxh6 32. Bc1 Qg6 33. Be3 f5 34. Kh1 Kh8 35. Ra1 a6 36. Qa4 Be2 37. Qd7 f4 38. Rc1 Bc4 39. Bxf4 Rxf4 40. gxf4 Qe4+ 41. Kg1 Qg6+ 1/2-1/2

[Event "LAT-ch"]
[Site "Riga"]
[Date "2022.05.04"]
[Round "9"]
[White "Savicevs, Arsenijs"]
[Black "Stabulnieks, Klavs"]
[Result "0-1"]
[WhiteElo "1738"]
[BlackElo "2212"]
[PlyCount "92"]
[EventDate "2022.04.27"]
[EventType "swiss"]
[EventRounds "9"]
[EventCountry "LAT"]
[SourceTitle "CBM 208 Extra"]
[Source "ChessBase"]
[SourceDate "2022.07.31"]
[SourceVersion "1"]
[SourceVersionDate "2022.07.31"]
[SourceQuality "1"]

1. Nf3 d5 2. d4 Nf6 3. c4 e6 4. g3 dxc4 5. Bg2 c6 6. a4 Bb4+ 7. Nbd2 b5 8. Qc2 Bb7 9. 0-0 Nbd7 10. b3 cxb3 11. Nxb3 0-0 12. Ne1 Nd5 13. Nd3 a5 14. axb5 cxb5 15. e4 Rc8 16. Qe2 Nc3 17. Qe3 Na4 18. Qe2 Bc3 19. Ra2 Qc7 20. Be3 Ndb6 21. Ndc5 Nxc5 22. Nxc5 Nc4 23. Rb1 Bc6 24. Qd3 Nxe3 25. Qxc3 Nxg2 26. Qxa5 Qxa5 27. Rxa5 Rfd8 28. Kxg2 Rxd4 29. f3 Rd2+ 30. Kh3 e5 31. Ra3 h5 32. Rd3 Rc2 33. Na6 Rf2 34. Nb4 Be8 35. g4 hxg4+ 36. fxg4 Kh7 37. Kg3 Re2 38. Nd5 Rcc2 39. Ne3 Ra2 40. h3 Bc6 41. Rc3 Bxe4 42. Rxb5 g5 43. h4 Rf2 44. Nf1 Rxf1 45. hxg5 Rg1+ 46. Kh3 Rh1+ 0-1

[Event "LAT-ch"]
[Site "Riga"]
[Date "2022.05.02"]
[Round "7"]
[White "Starostits, Ilmars"]
[Black "Stabulnieks, Klavs"]
[Result "1-0"]
[WhiteElo "2427"]
[BlackElo "2212"]
[PlyCount "95"]
[EventDate "2022.04.27"]
[EventType "swiss"]
[EventRounds "9"]
[EventCountry "LAT"]
[SourceTitle "CBM 208 Extra"]
[Source "ChessBase"]
[SourceDate "2022.07.31"]
[SourceVersion "1"]
[SourceVersionDate "2022.07.31"]
[SourceQuality "1"]

1. e4 c6 2. Nf3 d5 3. Nc3 Bg4 4. h3 Bxf3 5. Qxf3 e6 6. d4 Nf6 7. Bg5 dxe4 8. Nxe4 Nbd7 9. 0-0-0 Be7 10. Nxf6+ Bxf6 11. Be3 Qa5 12. Kb1 Nb6 13. c3 Qd5 14. Be2 0-0 15. Qg4 Nc4 16. Bc1 a5 17. h4 a4 18. Rh3 Nd6 19. Bd3 Kh8 20. Bg5 Bd8 21. Re3 Nc4 22. Ree1 Ra5 23. Qh5 h6 24. Qe2 Nd6 25. c4 Qxd4 26. Bc2 Qxc4 27. Qxc4 Nxc4 28. Rxd8 Rxd8 29. Bxd8 Rb5 30. b3 Na3+ 31. Kb2 Nxc2 32. Kxc2 axb3+ 33. axb3 Rc5+ 34. Kb1 Rd5 35. Bc7 Rd4 36. g3 Rd2 37. Bb6 Kh7 38. Kc1 Rd5 39. Kc2 g5 40. h5 g4 41. Re4 Rxh5 42. Rxg4 Rd5 43. Kc3 h5 44. Rd4 Rb5 45. Rb4 Rd5 46. Be3 b5 47. Rd4 Re5 48. Rd7 1-0

[Event "Riga Tech op-A"]
[Site "Riga"]
[Date "2021.08.14"]
[Round "8"]
[White "Miezis, Normunds"]
[Black "Stabulnieks, Klavs"]
[Result "1-0"]
[WhiteElo "2468"]
[BlackElo "2182"]
[PlyCount "47"]
[EventDate "2021.08.09"]
[EventType "swiss"]
[EventRounds "9"]
[EventCountry "LAT"]
[SourceTitle "CBM 203 Extra"]
[Source "ChessBase"]
[SourceDate "2021.09.30"]
[SourceVersion "1"]
[SourceVersionDate "2021.09.30"]
[SourceQuality "1"]

1. c4 c6 2. e4 d5 3. cxd5 cxd5 4. exd5 Nf6 5. Nc3 Nxd5 6. Nf3 e6 7. d4 Nxc3 8. bxc3 Qc7 9. Bd2 Nc6 10. Bd3 Be7 11. 0-0 0-0 12. Re1 b6 13. h4 Bf6 14. Ng5 g6 15. h5 Qd8 16. Nxh7 Kxh7 17. hxg6+ Kg7 18. Qf3 fxg6 19. Qxc6 Qd5 20. Qc7+ Rf7 21. Bh6+ Kg8 22. Qg3 Qh5 23. Qxg6+ Qxg6 24. Bxg6 1-0

[Event "Riga op"]
[Site "Riga"]
[Date "2020.08.26"]
[Round "4"]
[White "Ivanovs, Viktors"]
[Black "Stabulnieks, Klavs"]
[Result "0-1"]
[WhiteElo "1592"]
[BlackElo "2214"]
[PlyCount "80"]
[EventDate "2020.08.24"]
[EventType "swiss"]
[EventRounds "9"]
[EventCountry "LAT"]
[SourceTitle "CBM 198 Extra"]
[Source "ChessBase"]
[SourceDate "2020.11.30"]
[SourceVersion "1"]
[SourceVersionDate "2020.11.30"]
[SourceQuality "1"]

1. e4 c5 2. Nf3 e6 3. d3 Nc6 4. g3 Nf6 5. Bg2 d6 6. 0-0 Be7 7. Re1 Qc7 8. Qe2 e5 9. h3 0-0 10. Nc3 Nd4 11. Qd1 Nxf3+ 12. Qxf3 Be6 13. Bg5 Ne8 14. Bxe7 Qxe7 15. Nd1 g6 16. Ne3 b5 17. c3 Nc7 18. Qd1 b4 19. d4 cxd4 20. cxd4 Nb5 21. d5 Bd7 22. Rc1 a5 23. Qd2 h5 24. Nc4 Nd4 25. f4 Bxh3 26. fxe5 dxe5 27. Qe3 Bg4 28. Kh2 Kg7 29. Rf1 h4 30. d6 Qe6 31. Nb6 hxg3+ 32. Kxg3 Ne2+ 33. Kf2 Nxc1 34. Nxa8 Rxa8 35. Rh1 Qf6+ 36. Ke1 Rh8 37. Rxh8 Kxh8 38. Bh3 Qh4+ 39. Kd2 Qxh3 40. Qxh3+ Bxh3 0-1

[Event "EU-ch Online U2300 Final"]
[Site "Chess.com INT"]
[Date "2020.05.26"]
[Round "2"]
[White "Volovich, Vasily"]
[Black "Stabulnieks, Klavs"]
[Result "1-0"]
[WhiteElo "2177"]
[BlackElo "2204"]
[PlyCount "55"]
[EventDate "2020.05.26"]
[EventType "swiss"]
[EventRounds "8"]
[EventCountry "NET"]
[SourceTitle "CBM 196 Extra"]
[Source "ChessBase"]
[SourceDate "2020.07.31"]
[SourceVersion "1"]
[SourceVersionDate "2020.07.31"]
[SourceQuality "1"]

1. e4 c6 2. Nf3 d5 3. Nc3 Nf6 4. e5 Ne4 5. Ne2 Qb6 6. d4 e6 7. Nfg1 f6 8. f3 Ng5 9. exf6 gxf6 10. f4 Ne4 11. Ng3 Nxg3 12. hxg3 Bd7 13. Qh5+ Ke7 14. Nf3 Be8 15. Qh4 Nd7 16. f5 Bf7 17. fxe6 Bxe6 18. Bd3 Re8 19. 0-0 Kd8 20. Bf4 Be7 21. Rae1 Nf8 22. Bh6 c5 23. Bg7 Rg8 24. Bxf6 c4 25. Bxe7+ Rxe7 26. Ng5 cxd3 27. Rxf8+ Rxf8 28. Nxe6+ 1-0

[Event "EU-ch blitz"]
[Site "Tallinn"]
[Date "2019.12.07"]
[Round "8"]
[White "D'Costa, Lorin AR"]
[Black "Stabulnieks, Klavs"]
[Result "0-1"]
[WhiteElo "2361"]
[BlackElo "2069"]
[PlyCount "72"]
[EventDate "2019.12.07"]
[EventType "swiss (blitz)"]
[EventRounds "22"]
[EventCountry "EST"]
[SourceTitle "CBM 193 Extra"]
[Source "ChessBase"]
[SourceDate "2020.01.31"]
[SourceVersion "1"]
[SourceVersionDate "2020.01.31"]
[SourceQuality "1"]

1. d4 Nf6 2. Bf4 g6 3. e3 Bg7 4. Nf3 0-0 5. h3 d6 6. Be2 Nfd7 7. Bh2 e5 8. c4 Nc6 9. Nc3 f5 10. 0-0 e4 11. Nd2 Nf6 12. Rb1 g5 13. b4 Ne7 14. b5 Ng6 15. Qb3 Kh8 16. c5 dxc5 17. dxc5 Qe7 18. Rbc1 f4 19. exf4 gxf4 20. Rfe1 e3 21. Nf3 exf2+ 22. Kxf2 Qxc5+ 23. Kf1 Qh5 24. Kg1 Bd7 25. Na4 Rae8 26. Rc5 Qh6 27. Rxc7 Bf5 28. Rxb7 Ne4 29. Rxa7 Ng3 30. Bd3 Rxe1+ 31. Nxe1 Ne5 32. Bxf5 Nxf5 33. Nf3 Ne3 34. Re7 Nxf3+ 35. gxf3 Qg5+ 36. Kf2 Qxe7 0-1

[Event "EU-ch blitz"]
[Site "Tallinn"]
[Date "2019.12.07"]
[Round "6"]
[White "Stabulnieks, Klavs"]
[Black "Studer, Noel"]
[Result "1-0"]
[WhiteElo "2069"]
[BlackElo "2394"]
[PlyCount "53"]
[EventDate "2019.12.07"]
[EventType "swiss (blitz)"]
[EventRounds "22"]
[EventCountry "EST"]
[SourceTitle "CBM 193 Extra"]
[Source "ChessBase"]
[SourceDate "2020.01.31"]
[SourceVersion "1"]
[SourceVersionDate "2020.01.31"]
[SourceQuality "1"]

1. d4 d5 2. c4 dxc4 3. Nf3 Nf6 4. Qa4+ Nbd7 5. g3 a6 6. Qxc4 b5 7. Qc2 Bb7 8. Bg2 Rc8 9. 0-0 c5 10. dxc5 Nxc5 11. Rd1 Ncd7 12. Qd3 Be4 13. Qe3 e6 14. Nc3 Ba8 15. Ne5 Bxg2 16. Kxg2 Qc7 17. Nxd7 Nxd7 18. Qf3 Be7 19. Bf4 Qa7 20. a4 b4 21. Ne4 e5 22. Be3 Qb8 23. Rxd7 Kxd7 24. Qxf7 Rhe8 25. Nc5+ Kc6 26. Qf3+ Kd6 27. Rd1+ 1-0

[Event "Riga RTU rapid op"]
[Site "Riga"]
[Date "2019.07.04"]
[Round "9"]
[White "Kopylov, Michael"]
[Black "Stabulnieks, Klavs"]
[Result "1-0"]
[WhiteElo "2414"]
[BlackElo "2136"]
[PlyCount "97"]
[EventDate "2019.07.04"]
[EventType "swiss (rapid)"]
[EventRounds "9"]
[EventCountry "LAT"]
[SourceTitle "EXT 2020"]
[Source "ChessBase"]
[SourceDate "2019.10.17"]
[SourceVersion "1"]
[SourceVersionDate "2019.10.17"]
[SourceQuality "1"]

1. d4 Nf6 2. c4 g6 3. g3 Bg7 4. Bg2 d6 5. Nf3 0-0 6. 0-0 Nc6 7. Nc3 Bf5 8. d5 Na5 9. Nd4 Bd7 10. b3 c5 11. dxc6 Nxc6 12. Bb2 Qb6 13. e3 a5 14. Ndb5 Rfc8 15. Rc1 Ne5 16. Na4 Qa6 17. Qe2 Bc6 18. Rfd1 Ned7 19. e4 Nb6 20. Nac3 a4 21. b4 Bd7 22. e5 dxe5 23. c5 a3 24. Nxa3 Qxe2 25. Nxe2 Na4 26. Bxe5 Bc6 27. Nc4 e6 28. Nd6 Rd8 29. Nxb7 Rxd1+ 30. Rxd1 Nd5 31. Bxg7 Kxg7 32. Na5 Bd7 33. c6 Bc8 34. Bxd5 exd5 35. Rxd5 Be6 36. Rd2 Rb8 37. a3 Nb6 38. Nf4 Bf5 39. f3 h5 40. Kf2 Re8 41. Nb7 Re5 42. Nd6 Bc8 43. Nxc8 Nxc8 44. Rc2 Kf6 45. a4 Ke7 46. b5 Kd6 47. Rd2+ Kc7 48. Rd7+ Kb6 49. Rxf7 1-0

[Event "Riga RTU rapid op"]
[Site "Riga"]
[Date "2019.07.04"]
[Round "8"]
[White "Nurgaliyev, Sauat"]
[Black "Stabulnieks, Klavs"]
[Result "0-1"]
[WhiteElo "1642"]
[BlackElo "2136"]
[PlyCount "114"]
[EventDate "2019.07.04"]
[EventType "swiss (rapid)"]
[EventRounds "9"]
[EventCountry "LAT"]
[SourceTitle "EXT 2020"]
[Source "ChessBase"]
[SourceDate "2019.10.17"]
[SourceVersion "1"]
[SourceVersionDate "2019.10.17"]
[SourceQuality "1"]

1. d4 Nf6 2. Nf3 g6 3. g3 Bg7 4. Bg2 0-0 5. 0-0 d6 6. c4 Nc6 7. Nc3 Bf5 8. d5 Na5 9. Nd2 c5 10. e4 Bd7 11. a3 Ne8 12. Qc2 b5 13. cxb5 a6 14. b4 Nb7 15. bxa6 Rxa6 16. Bb2 Nc7 17. b5 Rb6 18. Nc4 Nxb5 19. Nxb6 Nd4 20. Qd3 Qxb6 21. Rab1 Na5 22. Ne2 Bb5 23. Bxd4 Bxd3 24. Rxb6 cxd4 25. Re1 Nc4 26. Rb3 Bc2 27. Rb4 d3 28. Rxc4 d2 29. Kf1 Bd3 30. Rb4 Bxe2+ 31. Kxe2 dxe1Q+ 32. Kxe1 Bc3+ 33. Ke2 Bxb4 34. axb4 Rb8 35. f3 Rxb4 36. Ke3 Rb2 37. Bf1 Rxh2 38. Bd3 h5 39. Kf4 Kg7 40. Ke3 Kf6 41. Kf4 Rg2 42. g4 h4 43. Ke3 Kg5 44. Be2 h3 45. f4+ Kh4 46. Bf1 Kg3 47. e5 h2 48. Bxg2 Kxg2 49. exd6 exd6 50. f5 h1Q 51. fxg6 fxg6 52. Kf4 Qc1+ 53. Ke4 Qc4+ 54. Ke3 g5 55. Kd2 Kf3 56. Kd1 Ke3 57. Ke1 Qe2# 0-1

[Event "Riga RTU rapid op"]
[Site "Riga"]
[Date "2019.07.04"]
[Round "3"]
[White "Stabulnieks, Klavs"]
[Black "Ivbulis, Martins"]
[Result "1-0"]
[WhiteElo "2136"]
[BlackElo "1898"]
[PlyCount "105"]
[EventDate "2019.07.04"]
[EventType "swiss (rapid)"]
[EventRounds "9"]
[EventCountry "LAT"]
[SourceTitle "EXT 2020"]
[Source "ChessBase"]
[SourceDate "2019.10.17"]
[SourceVersion "1"]
[SourceVersionDate "2019.10.17"]
[SourceQuality "1"]

1. d4 d5 2. c4 e6 3. Nc3 a6 4. g3 Nf6 5. Bg2 dxc4 6. Nf3 c6 7. Ne5 Qc7 8. Nxc4 b5 9. Bf4 Qd8 10. Bxb8 Rxb8 11. Bxc6+ Bd7 12. Ne5 b4 13. Nxd7 Nxd7 14. Ne4 f5 15. Nc5 Bxc5 16. dxc5 Qc7 17. Qa4 Ke7 18. Bxd7 Qxd7 19. Qxa6 Rhc8 20. Rd1 Qc6 21. Qxc6 Rxc6 22. 0-0 Rxc5 23. Rd2 Rbc8 24. Rfd1 Rc2 25. Kg2 Kf6 26. Kf3 Ke5 27. Ke3 g5 28. Rxc2 Rxc2 29. Rd2 Rc4 30. Kd3 Kd5 31. e3 g4 32. Rc2 Re4 33. Rc7 h5 34. Rd7+ Kc5 35. Rh7 Kb5 36. Rxh5 b3 37. axb3 Kb4 38. Rh7 Kxb3 39. Rb7+ Ka4 40. Kc3 Ka5 41. Rd7 Kb5 42. b3 Kc5 43. Rb7 Re5 44. b4+ Kc6 45. Ra7 Re4 46. Ra5 Kb6 47. Ra8 Kb7 48. Rh8 Kc6 49. h4 gxh3 50. Rxh3 Kb5 51. Rh4 Re5 52. Rd4 Kc6 53. Kc4 1-0

[Event "LAT-ch"]
[Site "Riga"]
[Date "2019.05.04"]
[Round "7"]
[White "Stabulnieks, Klavs"]
[Black "Berzinsh, Roland"]
[Result "0-1"]
[WhiteElo "2230"]
[BlackElo "2393"]
[PlyCount "114"]
[EventDate "2019.04.29"]
[EventType "swiss"]
[EventRounds "9"]
[EventCountry "LAT"]
[SourceTitle "CBM 190 Extra"]
[Source "ChessBase"]
[SourceDate "2019.07.15"]
[SourceVersion "1"]
[SourceVersionDate "2019.07.15"]
[SourceQuality "1"]

1. d4 d5 2. c4 dxc4 3. Nf3 e6 4. Qa4+ Nd7 5. Qxc4 Ngf6 6. Nc3 a6 7. g3 b5 8. Qd3 Bb7 9. Bg2 c5 10. dxc5 Bxc5 11. 0-0 0-0 12. Bf4 Qe7 13. Nd2 Bxg2 14. Kxg2 h6 15. Nde4 e5 16. Be3 Bxe3 17. Qxe3 b4 18. Nxf6+ Nxf6 19. Na4 Qb7+ 20. Kg1 Qb5 21. b3 Nd5 22. Qxe5 Rae8 23. Qh5 Rxe2 24. Rac1 Nf6 25. Qxb5 axb5 26. Nc5 Ra8 27. Nd3 Raxa2 28. Rc8+ Kh7 29. Nc1 Rac2 30. Nxe2 Rxc8 31. Nd4 Rc3 32. Rb1 Ne4 33. Rb2 Nc5 34. Nxb5 Rxb3 35. Rxb3 Nxb3 36. Kf1 Kg6 37. Ke2 Kf5 38. f3 Ke5 39. Kd3 g5 40. Nc7 Nc5+ 41. Kc4 b3 42. Kc3 f5 43. Nb5 g4 44. fxg4 fxg4 45. Nc7 Ke4 46. Ne8 Kf3 47. Kb2 Ne4 48. Ng7 Kg2 49. Nf5 h5 50. Ng7 Nf6 51. Kxb3 Kxh2 52. Nf5 Ne4 53. Kc2 Nxg3 54. Ne3 Kh3 55. Kd1 h4 56. Ke1 Nh5 57. Kf2 Nf4 0-1

[Event "LAT-ch"]
[Site "Riga"]
[Date "2019.05.04"]
[Round "8"]
[White "Tronenkovs, Valdis"]
[Black "Stabulnieks, Klavs"]
[Result "1/2-1/2"]
[WhiteElo "2303"]
[BlackElo "2230"]
[PlyCount "86"]
[EventDate "2019.04.29"]
[EventType "swiss"]
[EventRounds "9"]
[EventCountry "LAT"]
[SourceTitle "CBM 190 Extra"]
[Source "ChessBase"]
[SourceDate "2019.07.15"]
[SourceVersion "1"]
[SourceVersionDate "2019.07.15"]
[SourceQuality "1"]

1. e4 c5 2. Ne2 e6 3. d4 cxd4 4. Nxd4 a6 5. Bd3 Nf6 6. 0-0 Qc7 7. c4 Nc6 8. Nxc6 dxc6 9. f4 e5 10. f5 Bc5+ 11. Kh1 h5 12. Nc3 Qd8 13. Bg5 Qd4 14. Be2 Qxd1 15. Raxd1 Nd7 16. Rf3 b5 17. Rh3 f6 18. Bc1 h4 19. g3 Bd4 20. Rxh4 Rxh4 21. gxh4 Nb6 22. Bh5+ Ke7 23. Ne2 c5 24. Nxd4 cxd4 25. c5 Na4 26. c6 Kd6 27. Rg1 Ra7 28. b3 Nc5 29. Ba3 a5 30. Bxc5+ Kxc5 31. Rc1+ Kd6 32. Be2 b4 33. Bb5 Kc7 34. Kg2 Kb6 35. Bc4 Rc7 36. Bd5 Ba6 37. Kf3 Bb5 38. h5 Bxc6 39. Rxc6+ Rxc6 40. Bxc6 Kxc6 41. Ke2 Kd6 42. h6 gxh6 43. h4 h5 1/2-1/2

[Event "LAT-ch"]
[Site "Riga"]
[Date "2019.05.03"]
[Round "6"]
[White "Stasans, Aivars"]
[Black "Stabulnieks, Klavs"]
[Result "1/2-1/2"]
[WhiteElo "2008"]
[BlackElo "2230"]
[PlyCount "84"]
[EventDate "2019.04.29"]
[EventType "swiss"]
[EventRounds "9"]
[EventCountry "LAT"]
[SourceTitle "CBM 190 Extra"]
[Source "ChessBase"]
[SourceDate "2019.07.15"]
[SourceVersion "1"]
[SourceVersionDate "2019.07.15"]
[SourceQuality "1"]

1. e4 c5 2. Nf3 e6 3. d4 cxd4 4. Nxd4 a6 5. Nc3 Qc7 6. Bd3 b5 7. 0-0 Bb7 8. Re1 Nc6 9. Nxc6 dxc6 10. a4 Rd8 11. Qe2 e5 12. axb5 axb5 13. Be3 Nf6 14. Ra7 Bd6 15. f3 0-0 16. Qf2 Ra8 17. Rea1 Rxa7 18. Rxa7 Ra8 19. Rxa8+ Bxa8 20. Bc5 Nd7 21. Bxd6 Qxd6 22. Qa7 Qc5+ 23. Qxc5 Nxc5 24. b4 Nd7 25. Na2 Nb6 26. Nc1 Bb7 27. Nb3 Bc8 28. Na5 Bd7 29. c4 Kf8 30. cxb5 cxb5 31. Kf2 Na4 32. Nb3 Ke7 33. Ke3 Kd6 34. Kd2 Kc6 35. Na1 Be6 36. Nc2 Nb2 37. Kc3 Nxd3 38. Kxd3 g6 39. Ne3 Kd6 40. Nd1 f5 41. g3 Bc4+ 42. Ke3 Ke6 1/2-1/2

[Event "LAT-ch"]
[Site "Riga"]
[Date "2019.05.02"]
[Round "5"]
[White "Stabulnieks, Klavs"]
[Black "Osis, Reinars"]
[Result "1/2-1/2"]
[WhiteElo "2230"]
[BlackElo "2168"]
[PlyCount "114"]
[EventDate "2019.04.29"]
[EventType "swiss"]
[EventRounds "9"]
[EventCountry "LAT"]
[SourceTitle "CBM 190 Extra"]
[Source "ChessBase"]
[SourceDate "2019.07.15"]
[SourceVersion "1"]
[SourceVersionDate "2019.07.15"]
[SourceQuality "1"]

1. d4 Nf6 2. c4 e6 3. Nc3 d5 4. cxd5 exd5 5. Bg5 c6 6. e3 Bf5 7. Bd3 Bxd3 8. Qxd3 h6 9. Bh4 Nbd7 10. Nf3 Bd6 11. 0-0 0-0 12. Rab1 a5 13. Rfc1 Re8 14. Na4 Qe7 15. Qb3 b5 16. Nc3 a4 17. Qd1 g5 18. Bg3 Bxg3 19. hxg3 Ng4 20. Qd3 Qe6 21. Re1 f5 22. Rbc1 Qg6 23. Nb1 Re6 24. Nbd2 Rae8 25. Red1 Kg7 26. b3 axb3 27. axb3 Qf6 28. Ra1 Nf8 29. Re1 Ng6 30. Ra7+ Kg8 31. Ra6 h5 32. Rea1 f4 33. exf4 gxf4 34. Ra8 fxg3 35. fxg3 h4 36. Nf1 hxg3 37. Nxg3 Nf4 38. Qc3 Ne3 39. Ne5 Nfxg2 40. Rxe8+ Rxe8 41. Ra7 Rf8 42. Qd3 Qf2+ 43. Kh1 Nf5 44. Nxf5 Rxf5 45. Qh3 Qf1+ 46. Kh2 Qf4+ 47. Qg3+ Rg5 48. Qxf4 Nxf4 49. Nxc6 Rg2+ 50. Kh1 Rb2 51. b4 Nd3 52. Rb7 Nxb4 53. Rxb5 Nd3 54. Rxd5 Kf7 55. Ra5 Ke6 56. d5+ Kd6 57. Nd4 Nc5 1/2-1/2

[Event "LAT-ch"]
[Site "Riga"]
[Date "2019.05.01"]
[Round "3"]
[White "Stabulnieks, Klavs"]
[Black "Jazdanovs, Aleksandrs"]
[Result "1/2-1/2"]
[WhiteElo "2230"]
[BlackElo "2134"]
[PlyCount "46"]
[EventDate "2019.04.29"]
[EventType "swiss"]
[EventRounds "9"]
[EventCountry "LAT"]
[SourceTitle "CBM 190 Extra"]
[Source "ChessBase"]
[SourceDate "2019.07.15"]
[SourceVersion "1"]
[SourceVersionDate "2019.07.15"]
[SourceQuality "1"]

1. d4 Nf6 2. c4 c5 3. d5 b5 4. cxb5 a6 5. bxa6 g6 6. Nc3 Bg7 7. Nf3 0-0 8. a7 Rxa7 9. e4 e6 10. Be2 exd5 11. exd5 d6 12. Nd2 Re8 13. 0-0 Na6 14. Nc4 Nc7 15. Ne3 Bb7 16. Bc4 Qa8 17. Qb3 Rb8 18. Qd1 Re8 19. Qf3 Nd7 20. Nb5 Nxb5 21. Bxb5 Re7 22. Bxd7 Rxd7 23. a3 Re7 1/2-1/2

[Event "LAT-ch"]
[Site "Riga"]
[Date "2019.04.30"]
[Round "2"]
[White "Kolasa, Pjotrs"]
[Black "Stabulnieks, Klavs"]
[Result "0-1"]
[WhiteElo "2020"]
[BlackElo "2230"]
[PlyCount "120"]
[EventDate "2019.04.29"]
[EventType "swiss"]
[EventRounds "9"]
[EventCountry "LAT"]
[SourceTitle "CBM 190 Extra"]
[Source "ChessBase"]
[SourceDate "2019.07.15"]
[SourceVersion "1"]
[SourceVersionDate "2019.07.15"]
[SourceQuality "1"]

1. d4 Nf6 2. c4 g6 3. Nc3 Bg7 4. e4 d6 5. h3 c5 6. d5 0-0 7. Nf3 b5 8. cxb5 a6 9. bxa6 Bxa6 10. Bxa6 Nxa6 11. 0-0 Qb6 12. Qe2 Nd7 13. Bg5 Rfb8 14. Bc1 Nb4 15. Bg5 Kf8 16. a3 Na6 17. Ra2 Qb3 18. Bc1 Nc7 19. Nd2 Qb7 20. Nc4 Nb5 21. Qd3 Nd4 22. Rd1 Qb3 23. Nd2 Qb7 24. Nc4 Ne5 25. Nxe5 Bxe5 26. Qc4 Qb3 27. Qxb3 Rxb3 28. Kf1 Ke8 29. Be3 Nc2 30. Rc1 Nxe3+ 31. fxe3 Bxc3 32. Rxc3 Rxc3 33. bxc3 Ra4 34. Ke2 Rxe4 35. Kd3 Ra4 36. c4 Kd7 37. Kc3 Kc7 38. Kb3 Ra8 39. Rf2 f6 40. g4 Rb8+ 41. Ka4 Rb1 42. g5 f5 43. Rf4 Rg1 44. Rh4 Rxg5 45. Rxh7 Kd7 46. Rh4 Rg3 47. Rh6 Rxe3 48. Rxg6 Rxh3 49. Rg5 Rf3 50. Rh5 f4 51. Rf5 e5 52. Rf7+ Ke8 53. Rf6 Ke7 54. Rh6 Rg3 55. Kb5 f3 56. Rh5 Rg4 57. Rh1 Rf4 58. a4 f2 59. Rf1 e4 60. a5 e3 0-1

[Event "Rilton Cup 48th"]
[Site "Stockholm"]
[Date "2018.12.30"]
[Round "4"]
[White "Murzin, Volodar"]
[Black "Stabulnieks, Klavs"]
[Result "1-0"]
[WhiteElo "2336"]
[BlackElo "2177"]
[PlyCount "59"]
[EventDate "2018.12.27"]
[EventType "swiss"]
[EventRounds "9"]
[EventCountry "SWE"]
[SourceTitle "CBM 188 Extra"]
[Source "ChessBase"]
[SourceDate "2019.02.26"]
[SourceVersion "1"]
[SourceVersionDate "2019.02.26"]
[SourceQuality "1"]

1. e4 c5 2. Nf3 e6 3. g3 Nc6 4. Bg2 Nf6 5. Qe2 d5 6. exd5 Nxd5 7. 0-0 Be7 8. Rd1 0-0 9. d4 cxd4 10. Nxd4 Nxd4 11. Rxd4 Bf6 12. Rd1 Qb6 13. c4 Qa6 14. Nd2 Nb6 15. Ne4 Qxc4 16. Nxf6+ gxf6 17. Qf3 f5 18. Bh6 Re8 19. h3 e5 20. Rd6 Be6 21. Qh5 f6 22. Rc1 Qb4 23. Rcd1 e4 24. Qh4 Qxb2 25. Bxe4 fxe4 26. Rxe6 Qe2 27. Rd2 Qe1+ 28. Kg2 Qa1 29. Qg4+ Kf7 30. Rdd6 1-0